000 00736nam a2200205Ii 4500
003 JO-AjNU
008 230605s9999||||xx |||||||||||||| ||und||
040 _aJO-AjNU
_bara
_erda
_cJO-AjNU
041 _aara
050 1 4 _aQA76 2005
100 3 _aاللبني ، يمان/ م مشارك اسامة العبدالله ؛ مراجعة مصطفى بنكين,
_eauthor
_930056
245 0 0 _aتصميم وتنفيذ نظم التشغيل الجديد
250 _aط1
264 3 1 _aالرباط:شعاع للنشر والعلوم ، 2005
300 _a1046ص
336 _atext
_btxt
_2rdacontent
337 _aunmediated
_bn
_2rdamedia
338 _avolume
_bnc
_2rdacarrier
650 4 _aالحاسوب -نظم التشغيل
_930057
999 _aA11870
_c15438
_d15438